Wear mechanism of iron composite reinforced with silica /
Saved in:
| Main Author: | |
|---|---|
| Format: | Thesis |
| Language: | English |
| Subjects: | |
| Tags: |
Add Tag
No Tags, Be the first to tag this record!
|
| LEADER | 013140000a22002770004500 | ||
|---|---|---|---|
| 008 | 180419t2016 my a g 000 0 eng d | ||
| 040 | |a UIAM |b eng |e rda | ||
| 041 | |a eng may | ||
| 050 | 0 | |a TA418.9.C6 | |
| 100 | 0 | |a Adibah Amir, |e author | |
| 245 | 1 | 0 | |a Wear mechanism of iron composite reinforced with silica / |c by Adibah Amir |
| 246 | 1 | |a Wear mechanism of iron composite reinforced with silica particles |i Cover title: | |
| 300 | |a xviii, 120 leaves : |b illustrations (some color), charts (some color) ; |c 30 cm. | ||
| 336 | |2 rdacontent |a text | ||
| 337 | |2 rdamedia |a unmediated | ||
| 338 | |2 rdacarrier |a volume | ||
| 500 | |a "A thesis submitted to the postgraduate studies programme as a requirement for the degree of Doctor of Philosophy."--On title page. | ||
| 502 | |a Thesis (Ph. D)--Universiti Teknologi Petronas, 2016. | ||
| 504 | |a Includes bibliographic references (leaves 109-120). | ||
| 546 | |a Abstracts in English and Malay. | ||
| 596 | |a 1 | ||
| 655 | 0 | 7 | |a Theses, IIUM foreign |
| 710 | 1 | |a Universiti Teknologi Petronas. |b Department of Mechanical Engineering, |e degree granting institution | |
| 900 | |a oc-zi-nhe-ajt | ||
| 999 | |c 439712 |d 471101 | ||
| 952 | |0 0 |6 T TA 418.9 C6 A235W 2016 |7 0 |8 THESES |9 761802 |a IIUM |b IIUM |c MULTIMEDIA |g 0.00 |o t TA 418.9 C6 A235W 2016 |p 11100385289 |r 2018-08-08 |t 1 |v 0.00 |y THESIS | ||
